| 000 | 00572nam a22002057a 4500 | ||
|---|---|---|---|
| 005 | 20260219051150.0 | ||
| 008 | 260219b |||||||| |||| 00| 0 eng d | ||
| 020 | _a9780198787334 | ||
| 040 | _cILCL | ||
| 041 |
_2eng _aeng |
||
| 084 | _aV2:2:Z Q6 | ||
| 245 | _aThe Oxford Handbook of the Indian Constitution | ||
| 250 | _a1 | ||
| 260 |
_aIndia _bOxford University Press _c2016 |
||
| 300 | _alxv,1048p. | ||
| 700 |
_aChoudhry, Sujit (Ed.) _91116198 |
||
| 700 |
_aKhosla, Madhav (Ed.) _91116199 |
||
| 700 |
_aMehta, Pratap Bhanu (Ed.) _91116200 |
||
| 942 |
_2CC _cTB |
||
| 999 |
_c1679958 _d1679958 |
||